Normal view
MARC view
- ARMOURED ENGINEERS VEHICLES RECOVERY VEHICLES AND EQUIPMENT BRIDGING SYSTEMS MINE WARFARE EQUIPMENT TRANSPORT EQUIPMENT CONSTRUCTION AND DEMOLITION EQUIPMENT NBC EQUIPMENT MISCELLANEONS EQUIPMENT
Entry Topical Term
001 - CONTROL NUMBER
- control field: 60888
003 - CONTROL NUMBER IDENTIFIER
- control field: NUST
005 - DATE AND TIME OF LATEST TRANSACTION
- control field: 20210628202638.0
008 - FIXED-LENGTH DATA ELEMENTS
- fixed length control field: 210628|| aca||aabn | a|a d
040 ## - CATALOGING SOURCE
- Original cataloging agency: NUST
- Transcribing agency: NUST
150 ## - HEADING--TOPICAL TERM
- Topical term or geographic name entry element: ARMOURED ENGINEERS VEHICLES RECOVERY VEHICLES AND EQUIPMENT BRIDGING SYSTEMS MINE WARFARE EQUIPMENT TRANSPORT EQUIPMENT CONSTRUCTION AND DEMOLITION EQUIPMENT NBC EQUIPMENT MISCELLANEONS EQUIPMENT
670 ## - SOURCE DATA FOUND
- Source citation: Work cat.: (NUST): GANDER, TERRY J 60887, JANES MILITARY VEHICLES AND GROUND SUPPORT EQUIPMENT 1985, 1985
